[Event "10eme Open International de La Fere"]
[Site "La Fere (FRA)"]
[Date "2011.07.04"]
[Round "4.8"]
[White "Delias, Gerard"]
[Black "Feryn, Alexandre"]
[Result "0-1"]
[WhiteElo "1580"]
[BlackElo "2063"]
[PlyCount "68"]
[EventDate "2011.??.??"]

1. c4 Nf6 2. Nc3 g6 3. e4 d6 4. d4 Bg7 5. f3 O-O 6. Be3 c5 7. Nge2 cxd4 8. Nxd4
Nc6 9. Be2 Bd7 10. Qd2 Rc8 11. Rc1 Qa5 12. a3 Nxd4 13. Bxd4 Be6 14. Nd5 Qxd2+
15. Kxd2 Bxd5 16. cxd5 Nxe4+ 17. Ke3 Bxd4+ 18. Kxd4 Nc5 19. Bc4 b5 20. Ba2 a5
21. Rhe1 b4 22. axb4 axb4 23. b3 Ra8 24. Rc2 Ra7 25. Ree2 Rb8 26. Kc4 Nd7 27.
Kd4 Nf6 28. Kc4 Kf8 29. Rcd2 Rc7+ 30. Kd4 Rb5 31. Bb1 Rc3 32. Rd3 Rxd5+ 33. Ke3
Rdxd3+ 34. Bxd3 Rxb3 0-1

[Event "10eme Open International de La Fere"]
[Site "La Fere (FRA)"]
[Date "2011.07.04"]
[Round "4.9"]
[White "Schroeder, Jan-Christian"]
[Black "Pingue, Renaud"]
[Result "1-0"]
[WhiteElo "2164"]
[BlackElo "1989"]
[PlyCount "69"]
[EventDate "2011.??.??"]

1. e4 e5 2. Nf3 Nc6 3. Bb5 a6 4. Ba4 Nf6 5. O-O Be7 6. Re1 b5 7. Bb3 O-O 8. d4
d6 9. c3 Bg4 10. d5 Na5 11. Bc2 Bd7 12. Nbd2 c6 13. b4 Nb7 14. dxc6 Bxc6 15.
Nf1 Re8 16. Ng3 g6 17. Bb3 Bf8 18. Bg5 h6 19. Bxf6 Qxf6 20. Bd5 Rec8 21. Nf1
Bxd5 22. Qxd5 Nd8 23. Ne3 Ne6 24. Rec1 Nf4 25. Qd1 Rc6 26. g3 Ne6 27. a4 Qd8
28. Qd3 Rac8 29. axb5 axb5 30. Ra3 Qb6 31. Nd5 Qb8 32. Rca1 Rc4 33. Nd2 Qb7 34.
Ra7 Qc6 35. Nxc4 1-0

[Event "10eme Open International de La Fere"]
[Site "La Fere (FRA)"]
[Date "2011.07.04"]
[Round "4.10"]
[White "Bardoux, Thierry"]
[Black "Louis, Andre"]
[Result "1-0"]
[WhiteElo "2154"]
[BlackElo "1800"]
[PlyCount "51"]
[EventDate "2011.??.??"]

1. d4 Nf6 2. c4 e6 3. Nf3 b6 4. g3 Ba6 5. Qc2 d5 6. b3 c5 7. Bg2 Nc6 8. O-O Be7
9. dxc5 Bxc5 10. cxd5 Nxd5 11. a3 Nd4 12. Nxd4 Bxd4 13. Qc6+ Ke7 14. Ra2 Rc8
15. Qa4 Nc7 16. Rd2 e5 17. Re1 Qe8 18. Bc6 Qf8 19. e3 Bc5 20. Nc3 Rd8 21. Red1
Rxd2 22. Rxd2 Qc8 23. Qh4+ f6 24. Rd7+ Kf8 25. Qh5 Be7 26. Rxc7 1-0

[Event "10eme Open International de La Fere"]
[Site "La Fere (FRA)"]
[Date "2011.07.04"]
[Round "4.11"]
[White "Vedovotto, Nicolas"]
[Black "Obert, Julien"]
[Result "1-0"]
[WhiteElo "2068"]
[BlackElo "1792"]
[PlyCount "109"]
[EventDate "2011.??.??"]

1. Nc3 d5 2. e4 e6 3. d4 Bb4 4. e5 c5 5. a3 Bxc3+ 6. bxc3 Qc7 7. Nf3 Ne7 8. Bd3
Nbc6 9. O-O c4 10. Be2 Bd7 11. a4 Qa5 12. Qd2 h6 13. Ba3 b6 14. h3 Qa6 15. Nh2
Nd8 16. Bxe7 Kxe7 17. Qc1 Ke8 18. Qa3 Nc6 19. f4 Ne7 20. g4 Qb7 21. Rf2 Rd8 22.
Nf1 Bc8 23. Ne3 g6 24. Bf3 Rh7 25. Nxc4 Qc7 26. Nd6+ Kf8 27. Be2 Bd7 28. Bd3
Rg7 29. Kh1 Kg8 30. Rb1 Bc6 31. Rff1 Nc8 32. Nxc8 Rxc8 33. Rb3 h5 34. Ba6 Re8
35. g5 Kh7 36. Ra1 Rgg8 37. a5 Rb8 38. axb6 axb6 39. Bd3 Ra8 40. Qb2 Rxa1+ 41.
Qxa1 Ra8 42. Ra3 Ra5 43. Kg2 Qa7 44. Rxa5 Qxa5 45. Qb2 Kg7 46. Kf2 b5 47. Ke2
Bd7 48. Kd2 Qd8 49. Qa3 Qc8 50. Qc5 Qb7 51. Kc1 Qa6 52. Kb2 Qa4 53. Qe7 Bc6 54.
Qf6+ Kg8 55. Bxg6 1-0

[Event "10eme Open International de La Fere"]
[Site "La Fere (FRA)"]
[Date "2011.07.04"]
[Round "4.12"]
[White "Thomas, Olivier"]
[Black "Galtier, Antoine"]
[Result "1/2-1/2"]
[WhiteElo "2035"]
[BlackElo "1757"]
[PlyCount "80"]
[EventDate "2011.??.??"]

1. e4 c5 2. Nc3 Nc6 3. f4 g6 4. Nf3 Bg7 5. Bc4 e6 6. f5 Nge7 7. fxe6 dxe6 8. d3
Na5 9. Bb5+ Bd7 10. Bxd7+ Qxd7 11. Be3 b6 12. O-O O-O 13. Qe1 Nec6 14. Qh4 Qe7
15. Bg5 f6 16. Bh6 Bxh6 17. Qxh6 Rf7 18. Qe3 Rd8 19. Rf2 Nd4 20. Raf1 Nxf3+ 21.
Rxf3 Nc6 22. R3f2 Ne5 23. h3 Nc6 24. a3 Rdf8 25. Qg3 Kg7 26. Nd1 Qc7 27. Qxc7
Rxc7 28. Ne3 b5 29. g4 Rcf7 30. b3 Nd4 31. Ra1 f5 32. gxf5 exf5 33. exf5 Nxf5
34. Nxf5+ Rxf5 35. Rxf5 Rxf5 36. a4 b4 37. Re1 Kf7 38. Re4 Rd5 39. Kg2 Rg5+ 40.
Kf2 Rf5+ 1/2-1/2

[Event "10eme Open International de La Fere"]
[Site "La Fere (FRA)"]
[Date "2011.07.04"]
[Round "4.14"]
[White "Wolfangel, Claude"]
[Black "Dumas, Victor"]
[Result "0-1"]
[WhiteElo "1751"]
[BlackElo "1929"]
[PlyCount "120"]
[EventDate "2011.??.??"]

1. d4 d5 2. Nf3 e6 3. c4 c5 4. cxd5 exd5 5. dxc5 Bxc5 6. Nc3 Nf6 7. Bg5 d4 8.
Bxf6 Qxf6 9. Ne4 Bb4+ 10. Nfd2 Qe7 11. a3 Bxd2+ 12. Nxd2 Nc6 13. g3 Bg4 14. f3
Bf5 15. Bg2 O-O 16. O-O Rfe8 17. Re1 Rad8 18. Qb3 Rd6 19. Ne4 Bxe4 20. fxe4 Ne5
21. h3 Rc8 22. Rac1 Qd7 23. Qa4 Rdc6 24. Rxc6 bxc6 25. Rc1 c5 26. Qa5 Qc7 27.
Qd2 Qd6 28. Rd1 Rd8 29. Qa5 Qb6 30. Qxb6 axb6 31. b3 b5 32. Kf1 Kf8 33. Ke1 Ra8
34. Ra1 Ke7 35. Kd2 Kd6 36. Bf1 c4 37. bxc4 bxc4 38. Kc2 Kc5 39. a4 Ra6 40. Ra2
Rb6 41. Ra1 g5 42. g4 Kb4 43. Rb1+ Ka5 44. Rd1 Rd6 45. Ra1 f6 46. Ra2 Nd7 47.
Rb2 Rb6 48. Rxb6 Nxb6 49. e5 fxe5 50. Bg2 Kxa4 51. Be4 h6 52. Bc6+ Kb4 53. Be4
Nc8 54. Kb2 Nd6 55. Bg6 e4 56. Kc2 Kc5 57. Bh7 d3+ 58. exd3 cxd3+ 59. Kc3 Nb5+
60. Kd2 Kd4 0-1

[Event "10eme Open International de La Fere"]
[Site "La Fere (FRA)"]
[Date "2011.07.04"]
[Round "4.15"]
[White "Biniaux, Michael"]
[Black "Soveaux, Jean"]
[Result "0-1"]
[WhiteElo "1720"]
[BlackElo "1893"]
[PlyCount "68"]
[EventDate "2011.??.??"]

1. d4 d5 2. c4 Nf6 3. Nc3 c6 4. e3 e6 5. Bd3 Nbd7 6. cxd5 exd5 7. f4 Be7 8. Nf3
h6 9. O-O Qc7 10. Ne5 Nh7 11. Qh5 O-O 12. Bxh7+ Kxh7 13. Nxf7 Nf6 14. Ng5+ Kg8
15. Qh4 hxg5 16. fxg5 Nh7 17. Rxf8+ Nxf8 18. e4 dxe4 19. Nxe4 Qd8 20. Bd2 Nh7
21. Re1 Bf5 22. Qf4 Bxe4 23. Qxe4 Bxg5 24. Qe6+ Kh8 25. Bxg5 Nxg5 26. Qg4 Nh7
27. h4 Qd6 28. Re6 Qd7 29. Qe4 Nf6 30. Qe5 Rd8 31. Rxf6 gxf6 32. Qxf6+ Kg8 33.
Qg5+ Kf8 34. Qf6+ Ke8 0-1

[Event "10eme Open International de La Fere"]
[Site "La Fere (FRA)"]
[Date "2011.07.04"]
[Round "4.16"]
[White "Jimenez, Martin"]
[Black "Fauchart, Francois"]
[Result "1-0"]
[WhiteElo "1888"]
[BlackElo "1642"]
[PlyCount "63"]
[EventDate "2011.??.??"]

1. d4 d5 2. c4 c6 3. Nc3 Nf6 4. Nf3 Bf5 5. Qb3 Qb6 6. c5 Qxb3 7. axb3 Nbd7 8.
Bf4 e6 9. h3 h6 10. e3 Be7 11. Be2 O-O 12. b4 b5 13. O-O a6 14. Ra5 Bd8 15. Ra2
a5 16. Rfa1 a4 17. b3 Ne4 18. Nxe4 Bxe4 19. bxa4 bxa4 20. Rxa4 Rxa4 21. Rxa4 g5
22. Bd6 Re8 23. Ra7 Nf6 24. Ne5 Bg6 25. Nxc6 Ne4 26. Ra8 Nxd6 27. cxd6 e5 28.
Rxd8 Rxd8 29. Nxd8 exd4 30. exd4 f5 31. b5 Kf8 32. b6 1-0

[Event "10eme Open International de La Fere"]
[Site "La Fere (FRA)"]
[Date "2011.07.04"]
[Round "4.17"]
[White "Londers, Jan"]
[Black "Bouchard, Sebastien"]
[Result "1-0"]
[WhiteElo "1877"]
[BlackElo "1610"]
[PlyCount "51"]
[EventDate "2011.??.??"]

1. e4 e5 2. Nf3 Nc6 3. Nc3 d6 4. d4 exd4 5. Nxd4 Bd7 6. Bb5 Ne5 7. O-O a6 8.
Be2 Ne7 9. f4 N5c6 10. Nxc6 Bxc6 11. Bf3 f6 12. Qd4 Qd7 13. f5 b6 14. Bh5+ Kd8
15. Bf7 Bb7 16. Be6 Qe8 17. Nd5 c5 18. Qd3 Qc6 19. c4 Bc8 20. Nxe7 Bxe7 21. Bd5
Qc7 22. Bxa8 Bb7 23. Bxb7 Qxb7 24. Bf4 Kc7 25. Qd5 Qb8 26. b4 1-0

[Event "10eme Open International de La Fere"]
[Site "La Fere (FRA)"]
[Date "2011.07.04"]
[Round "4.18"]
[White "Paillard, Maximilien"]
[Black "Touret, Alex"]
[Result "1/2-1/2"]
[WhiteElo "1703"]
[BlackElo "1843"]
[PlyCount "53"]
[EventDate "2011.??.??"]

1. f4 g6 2. Nf3 Bg7 3. e4 d6 4. d4 Nd7 5. Bd3 c5 6. c3 b6 7. Be3 Bb7 8. Nbd2
Ngf6 9. h3 Nh5 10. O-O O-O 11. Rb1 Bh6 12. Nh2 e5 13. Qg4 Bxf4 14. Bxf4 Nxf4
15. Rxf4 exf4 16. Qxf4 Qf6 17. Qe3 Qg7 18. Rf1 a6 19. Nc4 d5 20. Nd6 Bc6 21. e5
Kh8 22. Ng4 f5 23. Nh2 Ra7 24. Nf3 h6 25. e6 Nf6 26. Ne5 Ba8 27. e7 1/2-1/2

[Event "10eme Open International de La Fere"]
[Site "La Fere (FRA)"]
[Date "2011.07.04"]
[Round "4.19"]
[White "Caloone, Thomas"]
[Black "Dermenghen, Thomas"]
[Result "1/2-1/2"]
[WhiteElo "1640"]
[BlackElo "1839"]
[PlyCount "68"]
[EventDate "2011.??.??"]

1. e4 e6 2. d4 d5 3. e5 c5 4. c3 Nc6 5. Nf3 Qb6 6. Bd3 Be7 7. dxc5 Bxc5 8. O-O
a5 9. b3 Nge7 10. Ba3 Ng6 11. Bxc5 Qxc5 12. Bxg6 hxg6 13. Re1 Rh5 14. Qd3 b6
15. Qe3 Ke7 16. Qxc5+ bxc5 17. Nbd2 f6 18. exf6+ gxf6 19. Nf1 e5 20. Rad1 Kd6
21. Ng3 Rh8 22. Ne4+ Ke7 23. Rxd5 c4 24. Nc5 Be6 25. Nxe6 Kxe6 26. bxc4 Ne7 27.
Rb5 Nf5 28. Nd4+ Kd6 29. Nxf5+ gxf5 30. Rd1+ Kc6 31. a4 Rh4 32. Rdd5 Rxc4 33.
Rxa5 Rxa5 34. Rxa5 Rxc3 1/2-1/2

[Event "10eme Open International de La Fere"]
[Site "La Fere (FRA)"]
[Date "2011.07.04"]
[Round "4.20"]
[White "Van Poucke, Philippe"]
[Black "Van Wiele, Kurt"]
[Result "0-1"]
[WhiteElo "1688"]
[BlackElo "1806"]
[PlyCount "84"]
[EventDate "2011.??.??"]

1. e4 Nc6 2. d4 e5 3. d5 Nce7 4. Nf3 Ng6 5. a3 Nf6 6. Bg5 Bc5 7. Bd3 O-O 8. b4
Bb6 9. c4 d6 10. Nbd2 h6 11. Bxf6 Qxf6 12. g3 a5 13. Bf1 Qe7 14. Bg2 f5 15. O-O
f4 16. Kh1 axb4 17. axb4 Rxa1 18. Qxa1 h5 19. h3 fxg3 20. fxg3 h4 21. g4 Nf4
22. Kh2 Nd3 23. b5 Qf6 24. Ng1 Nf2 25. Rxf2 Qxf2 26. Ndf3 Qg3+ 27. Kh1 Bxg1 28.
Qxg1 Rxf3 29. Bxf3 Qxf3+ 30. Qg2 Qxg2+ 31. Kxg2 g5 32. Kf3 Bd7 33. Ke3 c6 34.
b6 Kf7 35. Kf3 cxd5 36. cxd5 Ba4 37. Ke2 Bc2 38. Ke3 Bd1 39. Kf2 Kf6 40. Ke3
Bc2 41. Kf3 Bd3 42. Ke3 Bf1 0-1

[Event "10eme Open International de La Fere"]
[Site "La Fere (FRA)"]
[Date "2011.07.04"]
[Round "4.21"]
[White "Poulain, Andre"]
[Black "Rouffignac, Marie"]
[Result "1/2-1/2"]
[WhiteElo "1804"]
[BlackElo "1568"]
[PlyCount "78"]
[EventDate "2011.??.??"]

1. e4 e5 2. Nf3 Nc6 3. d4 exd4 4. Nxd4 Bc5 5. Nxc6 Qf6 6. Qd2 bxc6 7. Bd3 Ne7
8. Nc3 O-O 9. O-O d5 10. exd5 cxd5 11. Qf4 Qxf4 12. Bxf4 c6 13. Na4 Bd4 14. Bd6
Re8 15. Rae1 Be6 16. c3 Bb6 17. Nxb6 axb6 18. Re3 Nf5 19. Bxf5 Bxf5 20. Rfe1
Re6 21. Rxe6 Bxe6 22. a3 Bd7 23. Kf1 Re8 24. Re7 Rxe7 25. Bxe7 f6 26. Ke2 Kf7
27. Bd8 b5 28. Ke3 Ke6 29. Kd4 Kd6 30. Bb6 Bf5 31. Bc5+ Kd7 32. Bf8 g6 33. Kc5
Bd3 34. f4 f5 35. Kd4 Be4 36. g3 Ke6 37. b3 Bc2 38. b4 Be4 39. Bc5 Kd7 1/2-1/2

[Event "10eme Open International de La Fere"]
[Site "La Fere (FRA)"]
[Date "2011.07.04"]
[Round "4.22"]
[White "Casier, Fabrice"]
[Black "Loiret, Stanislas"]
[Result "0-1"]
[WhiteElo "1795"]
[BlackElo "2267"]
[PlyCount "52"]
[EventDate "2011.??.??"]

1. c4 c5 2. Nc3 Nf6 3. g3 e6 4. Bg2 Nc6 5. e3 d5 6. cxd5 exd5 7. d4 c4 8. Nge2
Bb4 9. O-O a6 10. a4 Bg4 11. Qc2 Qa5 12. b3 O-O 13. bxc4 dxc4 14. Ba3 Bxa3 15.
Rxa3 Rfc8 16. Nf4 Rab8 17. Ncd5 Nxd5 18. Bxd5 Nb4 19. Qe4 Re8 20. Qg2 g5 21.
Bxc4 gxf4 22. gxf4 Kh8 23. Bxf7 Rg8 24. Bxg8 Rxg8 25. Kh1 Be2 26. Qh3 Qf5 0-1

[Event "10eme Open International de La Fere"]
[Site "La Fere (FRA)"]
[Date "2011.07.04"]
[Round "4.23"]
[White "De Brouwere, Johan"]
[Black "Llaneza Vega, Patricia"]
[Result "0-1"]
[WhiteElo "1768"]
[BlackElo "2246"]
[PlyCount "124"]
[EventDate "2011.??.??"]

1. d4 Nf6 2. Nf3 g6 3. g3 Bg7 4. Bg2 O-O 5. O-O d6 6. c4 c6 7. Nc3 Qb6 8. e4
Nbd7 9. Qc2 e5 10. dxe5 Nxe5 11. Nxe5 dxe5 12. Rd1 Bg4 13. Ne2 Rad8 14. Be3
Rxd1+ 15. Rxd1 Qa6 16. b3 b5 17. h3 Be6 18. cxb5 cxb5 19. Rc1 b4 20. Qd2 Nd7
21. Rc2 Qb7 22. Nc1 a5 23. Nd3 Rc8 24. Rxc8+ Qxc8 25. Bf1 h5 26. Qc1 Qb7 27.
Bg2 Bf8 28. h4 Bg4 29. f3 Be6 30. Nc5 Nxc5 31. Bxc5 Qc7 32. Be3 Qxc1+ 33. Bxc1
Bc5+ 34. Kh2 Bd4 35. Bf1 f6 36. Bb5 Kf7 37. Kg2 Ke7 38. Kf1 f5 39. Bg5+ Kd6 40.
Be8 fxe4 41. fxe4 Bh3+ 42. Ke2 Bd7 43. Bxg6 a4 44. Bf7 Bb5+ 45. Kd2 axb3 46.
axb3 Bf2 47. Bxh5 Bxg3 48. Bf7 Bf4+ 49. Bxf4 exf4 50. h5 Ke7 51. Bd5 Kf6 52.
Ke1 Be8 53. h6 Kg6 54. Kf2 Kxh6 55. e5 Kg5 56. e6 Kf5 57. Kf3 Ke5 58. Bc4 Bc6+
59. Kf2 Kd6 60. Kf1 Be8 61. Kf2 Bh5 62. Kg2 Bg4 0-1

[Event "10eme Open International de La Fere"]
[Site "La Fere (FRA)"]
[Date "2011.07.04"]
[Round "4.24"]
[White "Henris, Luc"]
[Black "Dernoncourt, Christophe"]
[Result "1-0"]
[WhiteElo "2189"]
[BlackElo "1772"]
[PlyCount "45"]
[EventDate "2011.??.??"]

1. e4 e5 2. f4 Nc6 3. Nf3 d6 4. Bc4 Nf6 5. Nc3 Bg4 6. d3 a6 7. a3 Be7 8. h3
Bxf3 9. Qxf3 Nd4 10. Qf2 Nh5 11. Bxf7+ Kxf7 12. fxe5+ Ke8 13. O-O dxe5 14. Qf7+
Kd7 15. Qxh5 Nxc2 16. Rd1 Bf6 17. Nd5 Kc8 18. Bd2 Nd4 19. Bc3 Nb3 20. Bxe5 Bxe5
21. Qxe5 Nd2 22. Rac1 c6 23. Kf2 1-0

[Event "10eme Open International de La Fere"]
[Site "La Fere (FRA)"]
[Date "2011.07.04"]
[Round "4.25"]
[White "Heymann-Lobzhanidze, Anna-Luise"]
[Black "Durot, Edwige"]
[Result "0-1"]
[WhiteElo "2025"]
[BlackElo "1693"]
[PlyCount "80"]
[EventDate "2011.??.??"]

1. e4 c5 2. Nf3 e6 3. d4 cxd4 4. Nxd4 a6 5. Be3 Nf6 6. Bd3 Nc6 7. Nb3 d5 8.
exd5 Nxd5 9. O-O Nxe3 10. fxe3 Qg5 11. Qe2 Ne5 12. N1d2 Nxd3 13. cxd3 Be7 14.
Nf3 Qd5 15. e4 Qd6 16. Qf2 O-O 17. d4 b5 18. Nc5 Qf4 19. g3 Qc7 20. Rac1 Qd8
21. Rc2 Bf6 22. Rfc1 Bg5 23. Rd1 Be7 24. b4 a5 25. a3 axb4 26. axb4 f6 27. Qe2
Qe8 28. Nd2 Bd7 29. Ndb3 Rc8 30. Ra2 Bxc5 31. Nxc5 Bc6 32. Ra6 Qf7 33. Rc1 Rfe8
34. Qd3 Qd7 35. Kf2 f5 36. e5 Qd8 37. Qe3 Qd5 38. Rg1 Ra8 39. h4 Rxa6 40. Nxa6
Qa2+ 0-1

[Event "10eme Open International de La Fere"]
[Site "La Fere (FRA)"]
[Date "2011.07.04"]
[Round "4.26"]
[White "Dumenil, Jean-Francois"]
[Black "Mataigne, Jean-Michel"]
[Result "0-1"]
[WhiteElo "1670"]
[BlackElo "2017"]
[PlyCount "60"]
[EventDate "2011.??.??"]

1. d4 Nf6 2. c4 g6 3. Nc3 Bg7 4. e4 d6 5. Nf3 O-O 6. Be2 e5 7. d5 Na6 8. Bg5 h6
9. Be3 Ng4 10. Bd2 f5 11. h3 Nf6 12. Qc2 Nc5 13. exf5 Bxf5 14. Qc1 Kh7 15. O-O
Nd3 16. Bxd3 Bxd3 17. Re1 Bxc4 18. Ne4 Bxd5 19. Ng3 Bxf3 20. gxf3 Nd5 21. Qc4
c6 22. Qe4 Nf4 23. Bxf4 Rxf4 24. Qd3 d5 25. Kf1 Qh4 26. Ke2 Raf8 27. Rg1 e4 28.
fxe4 Rxf2+ 29. Kd1 dxe4 30. Qc4 Qd8+ 0-1

[Event "10eme Open International de La Fere"]
[Site "La Fere (FRA)"]
[Date "2011.07.04"]
[Round "4.27"]
[White "Koechler, Thomas"]
[Black "Roux, Jean-Francois"]
[Result "0-1"]
[WhiteElo "1989"]
[BlackElo "1682"]
[PlyCount "104"]
[EventDate "2011.??.??"]

1. e4 c5 2. c3 d5 3. exd5 Nf6 4. d4 Qxd5 5. Nf3 cxd4 6. cxd4 Bg4 7. Be2 Nc6 8.
Nc3 Qd6 9. d5 Bxf3 10. Bxf3 Qe5+ 11. Be3 Nd8 12. O-O e6 13. dxe6 Nxe6 14. Bxb7
Bd6 15. g3 Rd8 16. Bc6+ Nd7 17. Re1 O-O 18. Bf4 Qc5 19. Bxd6 Qxc6 20. Bxf8 Kxf8
21. Rc1 Ne5 22. Rxe5 Rxd1+ 23. Rxd1 Qb6 24. Rb5 Qc7 25. Nd5 Qd6 26. Rc1 f6 27.
Rc8+ Kf7 28. Rb7+ Kg6 29. Ne7+ Kh5 30. g4+ Kxg4 31. Rc4+ Nf4 32. h3+ Kxh3 33.
Rb3+ Kg4 34. Rg3+ Kh5 35. Nf5 Qd1+ 36. Kh2 g5 37. Rc7 Kg6 38. Ne7+ Kh6 39. Nf5+
Kg6 40. Nh4+ Kh6 41. Nf3 Qd6 42. Rc4 Ne2 43. Nh4 Qe6 44. Rcg4 Nf4 45. Rxf4 gxf4
46. f3 Kh5 47. Ng2 Qxa2 48. Nxf4+ Kh6 49. Rg2 Qb3 50. Rg3 Qxb2+ 51. Kh3 Qb5 52.
Kh4 Qg5+ 0-1

[Event "10eme Open International de La Fere"]
[Site "La Fere (FRA)"]
[Date "2011.07.04"]
[Round "4.29"]
[White "Alloui-Cros, Baptiste"]
[Black "Mestdagh, Franck"]
[Result "0-1"]
[WhiteElo "1599"]
[BlackElo "1948"]
[PlyCount "70"]
[EventDate "2011.??.??"]

1. d4 c5 2. d5 Nf6 3. c4 b5 4. cxb5 a6 5. e3 d6 6. bxa6 g6 7. Nc3 Bg7 8. Bc4
O-O 9. Nf3 Nbd7 10. O-O Nb6 11. Bb3 Bxa6 12. Re1 Qc7 13. e4 Nfd7 14. Bd2 Rfb8
15. Qc1 c4 16. Bd1 Nc5 17. Be2 Nba4 18. Bf1 Nxb2 19. Re3 Nbd3 20. Bxd3 Nxd3 21.
Qd1 Qc5 22. h4 Qa3 23. e5 dxe5 24. h5 e4 25. hxg6 fxg6 26. Ng5 Bxc3 27. Qg4 Bc8
28. Qh4 h5 29. Rg3 Bxa1 30. Ne6 Rb1+ 31. Kh2 Be5 32. f4 exf3 33. Bf4 Bxf4 34.
Nxf4 Nxf4 35. Qxf4 Qd6 0-1

[Event "10eme Open International de La Fere"]
[Site "La Fere (FRA)"]
[Date "2011.07.04"]
[Round "4.30"]
[White "Blondel, Francis"]
[Black "Molet, Asher"]
[Result "0-1"]
[WhiteElo "1541"]
[BlackElo "1859"]
[PlyCount "72"]
[EventDate "2011.??.??"]

1. d4 d5 2. c4 e6 3. Nc3 Be7 4. Bf4 Nf6 5. e3 O-O 6. Nf3 Nbd7 7. Rc1 c6 8. Bd3
dxc4 9. Bxc4 Nd5 10. Bg3 N7b6 11. Bb3 a5 12. O-O Bd7 13. Ne5 Rc8 14. Ne4 f6 15.
Nxd7 Nxd7 16. Bd6 f5 17. Bxe7 Qxe7 18. Nc5 Nxc5 19. Rxc5 b6 20. Rc3 b5 21. Rc5
a4 22. Bc2 Nb4 23. Bb1 Na6 24. Rc1 c5 25. Qe2 c4 26. Rc3 Nb4 27. e4 f4 28. Qh5
Nc6 29. d5 g6 30. Qd1 Ne5 31. dxe6 Rcd8 32. Qe2 Qe8 33. b3 axb3 34. axb3 b4 35.
Rxc4 f3 36. Qc2 Qxe6 0-1

[Event "10eme Open International de La Fere"]
[Site "La Fere (FRA)"]
[Date "2011.07.04"]
[Round "4.31"]
[White "Pretceille, Jeremie"]
[Black "Vernadet, Cyril"]
[Result "1/2-1/2"]
[WhiteElo "1857"]
[BlackElo "1649"]
[PlyCount "60"]
[EventDate "2011.??.??"]

1. e4 e6 2. d4 d5 3. exd5 exd5 4. Bd3 Nf6 5. Nf3 Bd6 6. Bg5 Bg4 7. O-O O-O 8.
c3 Nbd7 9. Nbd2 c6 10. Qb3 Qc7 11. c4 dxc4 12. Bxc4 h6 13. Be3 Nb6 14. Bd3 Be6
15. Qc2 Nbd5 16. Ne4 Ng4 17. Rfe1 Bxh2+ 18. Kh1 Ndxe3 19. fxe3 Bg3 20. Re2 Bf5
21. Nf6+ Nxf6 22. Bxf5 g6 23. Bd3 Ng4 24. Bc4 Kh7 25. Rc1 Qa5 26. Kg1 Qh5 27.
Qb3 Bh2+ 28. Kf1 Bg3 29. Kg1 Bh2+ 30. Kf1 Bg3 1/2-1/2

[Event "10eme Open International de La Fere"]
[Site "La Fere (FRA)"]
[Date "2011.07.04"]
[Round "4.32"]
[White "Jean, Robert"]
[Black "Tawegoum, Ivan"]
[Result "1/2-1/2"]
[WhiteElo "1808"]
[BlackElo "1640"]
[PlyCount "62"]
[EventDate "2011.??.??"]

1. c4 e5 2. g3 Nf6 3. Bg2 Bc5 4. Nf3 e4 5. Nh4 d5 6. d3 dxc4 7. Qa4+ Nc6 8.
dxe4 O-O 9. O-O Ne5 10. Bf4 Qe7 11. Nc3 Bd7 12. Qc2 c6 13. Rad1 b5 14. a3 Rad8
15. Nf3 Nxf3+ 16. Bxf3 Be6 17. Bg5 h6 18. Bc1 Rfe8 19. e3 Ng4 20. Be2 Nf6 21.
Rfe1 a6 22. f3 Rxd1 23. Rxd1 Rd8 24. Kf2 Rxd1 25. Qxd1 Qd6 26. Qxd6 Bxd6 27. f4
Bc5 28. f5 Bd7 29. g4 Bd6 30. Bf3 Bxh2 31. Ne2 Nxe4+ 1/2-1/2

[Event "10eme Open International de La Fere"]
[Site "La Fere (FRA)"]
[Date "2011.07.04"]
[Round "4.33"]
[White "Waquet, Frederic"]
[Black "Caloone, Jules"]
[Result "1-0"]
[WhiteElo "1967"]
[BlackElo "1429"]
[PlyCount "29"]
[EventDate "2011.??.??"]

1. e4 d5 2. exd5 Nf6 3. Bb5+ Bd7 4. Be2 Bf5 5. Nf3 Nxd5 6. O-O e6 7. a3 Nf4 8.
Bb5+ c6 9. Bc4 b5 10. Ba2 a5 11. d4 Bg4 12. Bxf4 Bxf3 13. Qxf3 Qxd4 14. Nc3 b4
15. Rfd1 1-0

[Event "10eme Open International de La Fere"]
[Site "La Fere (FRA)"]
[Date "2011.07.04"]
[Round "4.34"]
[White "Hutin, Evgueny"]
[Black "Podvin, Antoine"]
[Result "1-0"]
[WhiteElo "1923"]
[BlackElo "1377"]
[PlyCount "123"]
[EventDate "2011.??.??"]

1. d4 d5 2. Nf3 Nf6 3. c4 Nc6 4. cxd5 Nxd5 5. e4 Nf6 6. Nc3 Bg4 7. Be3 e6 8.
Bb5 a6 9. Bxc6+ bxc6 10. Qa4 Qd7 11. Ne5 Qd6 12. Nxc6 Nd7 13. e5 Nb6 14. exd6
Nxa4 15. Nxa4 Bxd6 16. O-O O-O 17. Rfe1 Rfe8 18. Nc5 h6 19. Rac1 f6 20. Ne4 Bf8
21. Bf4 Rac8 22. a3 f5 23. Nc5 g5 24. Bd2 f4 25. Nxa6 Bd6 26. Nc5 Bf5 27. Ne4
Kg7 28. Nxd6 cxd6 29. a4 Bd3 30. Na7 Rb8 31. Rc7+ Kf6 32. b4 g4 33. b5 Kf5 34.
Rec1 Rbd8 35. a5 f3 36. b6 Ba6 37. Nc6 h5 38. b7 Bxb7 39. Rxb7 h4 40. Ra7 Rc8
41. Ne7+ Rxe7 42. Rxe7 Ra8 43. Re1 h3 44. g3 e5 45. dxe5 dxe5 46. R1xe5+ Kf6
47. R5e6+ Kf5 48. Bc3 Rb8 49. a6 Rd8 50. Kf1 Kg5 51. Ke1 Rc8 52. Kd2 Rd8+ 53.
Ke3 Kf5 54. Rf6+ Kg5 55. a7 Rc8 56. Bd4 Rc4 57. Rf8 Rxd4 58. Kxd4 Kg6 59. a8=Q
Kh6 60. Rh8+ Kg6 61. Qc6+ Kg5 62. Re5# 1-0

[Event "10eme Open International de La Fere"]
[Site "La Fere (FRA)"]
[Date "2011.07.04"]
[Round "4.35"]
[White "Bouguettouche, Didier"]
[Black "Van Poucke, Guy"]
[Result "1-0"]
[WhiteElo "1410"]
[BlackElo "1490"]
[PlyCount "36"]
[EventDate "2011.??.??"]

1. d4 Nf6 2. Bf4 g6 3. h3 Bg7 4. e3 O-O 5. Nf3 d5 6. Bd3 Nc6 7. Nbd2 Nb4 8. O-O
Nxd3 9. cxd3 b6 10. Rc1 Bf5 11. Bxc7 Qd7 12. Qb3 Rac8 13. Be5 Nh5 14. Bxg7 Nxg7
15. e4 dxe4 16. dxe4 Bxh3 17. gxh3 Qxh3 18. Nh2 Nh5 1-0

[Event "10eme Open International de La Fere"]
[Site "La Fere (FRA)"]
[Date "2011.07.04"]
[Round "4.36"]
[White "Denis, Monique"]
[Black "Rech, Thomas"]
[Result "1-0"]
[WhiteElo "1480"]
[BlackElo "1360"]
[PlyCount "57"]
[EventDate "2011.??.??"]

1. e4 e5 2. Nf3 Nc6 3. Bb5 d6 4. h3 Nf6 5. d3 Bd7 6. c4 b6 7. Bg5 Be7 8. O-O
O-O 9. Nc3 Na5 10. Bxd7 Nxd7 11. Be3 Nc5 12. b4 Nab7 13. bxc5 bxc5 14. Nh2 Qd7
15. Rb1 Na5 16. a4 a6 17. Bd2 Nc6 18. Nd5 Rab8 19. Qf3 Rxb1 20. Rxb1 Rb8 21.
Rxb8+ Nxb8 22. Qg3 Nc6 23. Bg5 Bxg5 24. Qxg5 Kf8 25. Ng4 Nd4 26. Nh6 g6 27. Ng4
Ne6 28. Qh6+ Ke8 29. Ngf6+ 1-0

[Event "10eme Open International de La Fere"]
[Site "La Fere (FRA)"]
[Date "2011.07.04"]
[Round "4.37"]
[White "Tonneau, Bastien"]
[Black "Donatini, Adrien"]
[Result "1-0"]
[WhiteElo "1370"]
[BlackElo "1471"]
[PlyCount "93"]
[EventDate "2011.??.??"]

1. e4 e5 2. Nf3 Nc6 3. Nc3 Bc5 4. Nxe5 Nxe5 5. d4 Qe7 6. Nd5 Qd6 7. dxc5 Qxc5
8. Be3 Qd6 9. f4 Ng6 10. e5 Qc6 11. Bb5 Qxd5 12. Qxd5 N8e7 13. Qd3 O-O 14. Bxd7
Rd8 15. e6 fxe6 16. Bxe6+ Bxe6 17. Qe4 Bd5 18. Qb4 Bxg2 19. Rg1 Bf3 20. Bd4 Nc6
21. Qb3+ Bd5 22. Qc3 Nxd4 23. Qxd4 Re8+ 24. Kd2 Rad8 25. Rae1 Be6 26. Kc3 Rxd4
27. Kxd4 Nh4 28. Rgf1 Rd8+ 29. Kc3 Bxa2 30. b3 Kf8 31. Rd1 Re8 32. Rfe1 Rc8 33.
Kb2 Nf3 34. Re2 Bxb3 35. cxb3 c5 36. Rd3 Nh4 37. Red2 Ke8 38. Re2+ Kf8 39. Rd7
Nf5 40. Rxb7 c4 41. bxc4 Rxc4 42. Rc2 Nd6 43. Rxc4 Nxc4+ 44. Kc3 Nd6 45. Rd7
Nb5+ 46. Kb4 a6 47. Ka5 1-0

[Event "10eme Open International de La Fere"]
[Site "La Fere (FRA)"]
[Date "2011.07.04"]
[Round "4.38"]
[White "Devaux, Jean-Marc"]
[Black "Caloone, Claire"]
[Result "0-1"]
[WhiteElo "1470"]
[BlackElo "1340"]
[PlyCount "48"]
[EventDate "2011.??.??"]

1. e4 e5 2. Nf3 Nc6 3. Bc4 Bc5 4. c3 Nf6 5. d3 d6 6. Be3 Bxe3 7. fxe3 Bg4 8.
Nbd2 O-O 9. O-O Re8 10. Bb3 Nd7 11. Qe1 Bxf3 12. Nxf3 Nc5 13. Bc2 d5 14. exd5
Qxd5 15. Rd1 Qxa2 16. Qh4 Qxb2 17. Rd2 Qxc3 18. Ng5 h6 19. Nxf7 Qxd2 20. Nxh6+
gxh6 21. Qc4+ Kh8 22. h3 Qxc2 23. Rf6 Qxd3 24. Rxh6+ Qh7 0-1